El señor presidente

Gorde:
Xehetasun bibliografikoak
Egile nagusia: Asturias, Miguel Ángel 1899-1974
Formatua: Ezezaguna
Hizkuntza:Spanish
Argitaratua: Buenos Aires, Argentina Losada 1973
Edizioa:18. edición
Saila:Biblioteca clásica y contemporánea 343
Gaiak:
Etiketak: Etiketa erantsi
Etiketarik gabe, Izan zaitez lehena erregistro honi etiketa jartzen!

MARC

LEADER 000000000a22000000004500
001 000157
007 ta
008 140424b1973 ag |||g |||| 000 f spa d
041 0 |a español 
082 |a G863.4 A859s18 
100 1 |a Asturias, Miguel Ángel  |d 1899-1974 
245 1 3 |a El señor presidente  |c Miguel Ángel Asturias 
250 |a 18. edición 
260 |a Buenos Aires, Argentina  |b Losada  |c 1973 
300 |a 298 páginas 
490 0 |a Biblioteca clásica y contemporánea  |v 343 
500 |a número de inscripción 07240 (Colección de George Yúdice) revisar este números MEC-- Premio Nobel 1967. -- 
650 4 |a LITERATURA GUATEMALTECA  |v NOVELA 
942 |2 ddc  |c BK 
999 |c 3254  |d 3254